Stone spaces
Αποθηκεύτηκε σε:
| Κύριος συγγραφέας: | |
|---|---|
| Μορφή: | Βιβλίο |
| Γλώσσα: | English |
| Δημοσίευση: |
Cambridge ; New York :
Cambridge University Press,
1986
|
| Σειρά: | Cambridge studies in advanced mathematics ;
; 3 |
| Θέματα: | |
| Ετικέτες: |
Προσθήκη ετικέτας
Δεν υπάρχουν, Καταχωρήστε ετικέτα πρώτοι!
|
MARC
| LEADER | 00000nam a2200000 i 4500 | ||
|---|---|---|---|
| 001 | 1/37464 | ||
| 008 | 941103s1986 eng d | ||
| 020 | |a 0-521-33779-8 | ||
| 035 | |a 1990 |c ΧΑΤΖΗΣΑΒΒΑΣ |l 10040517 | ||
| 040 | |a GR-MY-UA |b gre |e aacr | ||
| 041 | 0 | |a eng | |
| 082 | 0 | |a 511.324 | |
| 100 | 1 | |a Johnstone, P. T. | |
| 245 | 1 | 0 | |a Stone spaces / |c Peter T. Johnstone |
| 260 | |a Cambridge ; New York : |b Cambridge University Press, |c 1986 | ||
| 300 | |a xxi, 370 p.; |b ill.; |c 24 cm. | ||
| 490 | 1 | |a Cambridge studies in advanced mathematics |v ; 3 | |
| 500 | |a Bibliography: p. 324-363 | ||
| 500 | |a Includes indexes | ||
| 650 | 0 | 0 | |a Algebra, Boolean. |
| 650 | 0 | 0 | |a Representations of algebras. |
| 650 | 0 | 0 | |a Topology. |
| 650 | 0 | 0 | |a Algebra. |
| 650 | 0 | 0 | |a Functional analysis. |
| 830 | 0 | |a Cambridge studies in advanced mathematics ; |v ; 3 | |
| 852 | |a INST |b SAMOS |e 19941103 |h 511.324 JOH |p 005300001688 |q 005300001688 |t BK |y 0 | ||
| 909 | |a Σ |b 018981 | ||